Avez-vous de la chance? - Statistiques

Statistiques générales
  • Ce quiz a été pris 4 624 fois
    4 528 depuis la dernière actualisation
  • Le résultat moyen est 3 sur 7
Answers on the Grid
Answers color-coded by a green-red scale on the quiz's grid according to % correct below.
?
?
?
?
?
?
?
?
?
?
 
Statistiques - réponses
Réponse % Correct
?
38%
?
37%
?
37%
?
36%
?
35%
?
35%
?
34%
Aucun quiz correspondant
Distribution des résultats
% des personnes avec chaque résultat
Percentile par nombre de réponses
Votre historique - résultats
Vous n’avez pas pris ce quiz depuis la dernière actualisation